000 01746cam a2200145 4500500
005 20260329082410.0
041 _afre
042 _adc
100 1 0 _aMahé-Simon, Mathilde
_eauthor
700 1 0 _aTrinquier, Jean
_eauthor
245 0 0 _aL'Histoire d'Alexandre selon Quinte-Curce
260 _bArmand Colin,
_c2014.
520 _après avoir fasciné les cours royales de l’Europe moderne, l’œuvre de Quinte-Curce est tombée dans un relatif discrédit et a été étonnamment peu étudiée durant les dernières décennies. Dans le canon des historiens latins, la tradition académique n’a longtemps assigné qu’une place subalterne à l’énigmatique Q. Curtius Rufus. Les spécialistes de l’époque hellénistique et d’Alexandre III de Macédoine ont considéré cet historien pétri de rhétorique comme une source peu fiable, un point de vue aujourd’hui partiellement remis en question. Cette œuvre offre pourtant la seule version latine étendue de la geste d’Alexandre et occupe par là une place cardinale dans la tradition des histoires du conquérant, à la charnière entre la Grèce et Rome, entre monarchies hellénistiques et empire romain. Elle permet de mesurer combien la figure du Macédonien était problématique pour les Romains, car la gloire d’Alexandre pouvait éclipser l’éclat de leurs armes. Cet ouvrage s’intéresse à l’image d’Alexandre construite par Quinte-Curce, il met en lumière les qualités propres du récit et part à la recherche de cet Orient que Quinte-Curce est l’un des rares auteurs anciens à évoquer avec autant de détails.
856 4 1 _uhttps://shs.cairn.info/l-histoire-d-alexandre-selon-quinte-curce--9782200294830?lang=fr&redirect-ssocas=7080
999 _c2028468
_d2028468